Padamsee. (Record no. 88165)
[ view plain ]
| 000 -LEADER | |
|---|---|
| fixed length control field | 00589cam a2200205 4500 |
| 001 - CONTROL NUMBER | |
| control field | sa 68018081 |
| 003 - CONTROL NUMBER IDENTIFIER | |
| control field | DLC |
| 005 - DATE AND TIME OF LATEST TRANSACTION | |
| control field | 20260227112708.0 |
| 008 - FIXED-LENGTH DATA ELEMENTS--GENERAL INFORMATION | |
| fixed length control field | 710830q19001971ii a 000 0 eng |
| 010 ## - LIBRARY OF CONGRESS CONTROL NUMBER | |
| LC control number | sa 68018081 |
| 025 ## - OVERSEAS ACQUISITION NUMBER | |
| Overseas acquisition number | PL480:I-E-6270 |
| 040 ## - CATALOGING SOURCE | |
| Original cataloging agency | DLC |
| Transcribing agency | DLC |
| Modifying agency | DLC |
| 050 00 - LIBRARY OF CONGRESS CALL NUMBER | |
| Classification number | ND1010.P3 |
| Item number | S47 |
| 100 1# - MAIN ENTRY--PERSONAL NAME | |
| Personal name | Padamsee, Akbar, |
| Dates associated with a name | 1928- |
| 245 00 - TITLE STATEMENT | |
| Title | Padamsee. |
| Statement of responsibility, etc. | Text by Shamlal. |
| 260 ## - PUBLICATION, DISTRIBUTION, ETC. | |
| Place of publication, distribution, etc. | [Bombay, |
| Name of publisher, distributor, etc. | Vakil, |
| Date of publication, distribution, etc. | 19--] |
| 300 ## - PHYSICAL DESCRIPTION | |
| Extent | 43 p. |
| Other physical details | illus. (part col.) |
| Dimensions | 24 cm. |
| 490 0# - SERIES STATEMENT | |
| Series statement | Sadanga series by Vakils on modern and contemporary Indian art |
| 700 0# - ADDED ENTRY--PERSONAL NAME | |
| Personal name | Shamlal, |
| Dates associated with a name | 1912-2007. |
No items available.